Villes de France par banlieue - Niveau Difficile - Statistiques

Statistiques générales
  • Ce quiz a été pris 280 fois
  • Le résultat moyen est 26 sur 43
Statistiques - réponses
Villes à proximité Ville à trouver % Correct
Boulogne-Billancourt / Levallois-Perret / Montreuil Paris
80%
Cassis / Allauch / La Ciotat Marseille
75%
Echirolles / Saint-Martin-d'Hères / Meylan Grenoble
72%
Kingersheim / Rixheim / Wittenheim Mulhouse
72%
Cagnes-sur-Mer / Saint-Laurent-du-Var / Saint-Jean-Cap-Ferrat Nice
72%
La Valette-du-Var / La Seyne-sur-Mer / Ollioules Toulon
72%
Furiani / Borgo / Biguglia Bastia
71%
Villeneuve-d'Ascq / Marcq-en-Baroeul / Mons-en-Baroeul Lille
69%
Lanester / Hennebont / Ploemeur Lorient
69%
Illkirch-Graffenstaden / Kehl / Bichheim Strasbourg
69%
Saint-Etienne-du-Rouvray / Sotteville-les-... / Le Grand-Quevilly Rouen
68%
Joué-les-... / Saint-Pierre-des-Corps / Saint-Cyr-sur-Loire Tours
68%
Bron / Décines-Charpieu / Oullins Lyon
67%
Saint-Sébastien-sur-Loire / Rezé / Orvault Nantes
67%
Avrillé / Trélazé / Saint-Barthélémy-d'Anjou Angers
66%
Le Cannet / Mandelieu-la-Napoule / Mougins Cannes
66%
Harfleur / Montivilliers / Honfleur Le Havre
66%
Palavas-les-Flots / Castelnau-le-Lez / Lattes Montpellier
66%
Chamalières / Cournon-d'Auvergne / Royat Clermont-Ferrand
65%
Guipavas / Plougastel-Daoulas / Plabennec Brest
62%
Woippy / Amnéville / Hagondange Metz
62%
Saint-Ouen-L'Aumône / Conflans-Sainte-Honorine / Éragny Cergy-Pontoise
61%
Firminy / Saint-Priest-en-Jarez / Andrézieux-Bouthéon Saint-Étienne
61%
Talence / Lormont / Saint-Médard-en-Jalles Bordeaux
60%
Ifs / Hérouville-Saint-Clair / Blainville-sur-Orne Caen
60%
Panazol / Le Palais-sur-Vienne / Condat-sur-Vienne Limoges
59%
Sochaux / Audincourt / Valentigney Montbéliard
59%
Liévin / Sallaumines / Loos-en-Gohelle Lens
58%
Chasseneuil-du-Poitou / Buxerolles / Saint-Benoît Poitiers
58%
Cugnaux / Plaisance-du-Touch / Tournefeuille Toulouse
58%
Viroflay / Chaville / Vélizy-Villacoublay Versailles
58%
Bruz / Cesson-Sévigné / Saint-Jacques-de-la-Lande Rennes
57%
Outreau / Le Portel / Saint-Martin-Boulogne Boulogne-sur-Mer
56%
Saint-Jean-de-la-Ruelle / Olivet / Saran Orléans
56%
Sorgues / Le Pontet / Villeneuve-lès-... Avignon
55%
Anzin / Denain / Bruay-sur-l'Escaut Valenciennes
55%
Laxou / Villers-les-... / Jarville-la-Malgrange Nancy
52%
Saint-Estève / Rivesaltes / Toulouges Perpignan
51%
Allonnes / Changé / Arnage Le Mans
49%
Talant / Chenôve / Chevigny-Saint-Sauveur Dijon
48%
Tinqueux / Cormontreuil / Bétheny Reims
46%
Pont-Sainte-Marie / La Chapelle-Saint-Luc / Sainte-Savine Troyes
46%
Longueau / Pont-de-Metz / Camon Amiens
41%
Aucun quiz correspondant
Distribution des résultats
% des personnes avec chaque résultat
Percentile par nombre de réponses
Votre historique - résultats
Vous n’avez pas pris ce quiz